Cadbury Chocolate Bars - Statistics

General Stats
  • This quiz has been taken 112 times
  • The average score is 3 of 9
Answer Stats
Chocolate Bar % Correct
Twirl
72%
Crunchie
69%
Flake
65%
Boost
34%
Picnic
24%
Turkish Delight
16%
Time Out
12%
Cherry Ripe
10%
Bubbly
2%
No matching quizzes found
Score Distribution
Percent of People with Each Score
Percentile by Number Answered
Your Score History
You have not taken this quiz